000 00241nam a2200097Ia 4500
001 1075565
005 20250827002240.0
008 250824s9999 xx 000 0 und d
245 0 _aHATIRDA KALANLAR
_cTAHA KILINÇ
260 _bKETEBE YAYINLARI
999 _c1075565
_d1075565